[Event "Oslo CC-ch"]
[Site "Oslo"]
[Date "2015.02.17"]
[Round "5"]
[White "Haugerud, Harek"]
[Black "Vestli, Hakon Bjorge"]
[Result "1/2-1/2"]
[WhiteElo "1552"]
[BlackElo "1719"]
[PlyCount "58"]
[EventDate "2015.02.17"]
[EventType "swiss"]
[EventRounds "8"]
[EventCountry "NOR"]
[SourceTitle "EXT 2024"]
[Source "ChessBase"]
[SourceDate "2023.10.10"]
[SourceVersion "1"]
[SourceVersionDate "2023.10.10"]
[SourceQuality "1"]

1. e4 e6 2. d4 d5 3. Nc3 Nf6 4. Bg5 Be7 5. e5 Nfd7 6. Bxe7 Qxe7 7. f4 a6 8. Qg4 g6 9. Nf3 c5 10. Bd3 Nc6 11. dxc5 Nxc5 12. 0-0 Bd7 13. a3 Nxd3 14. cxd3 Qc5+ 15. Kh1 Nd4 16. Rac1 Qb6 17. b4 Rc8 18. Nxd5 Rxc1 19. Nf6+ Kd8 20. Rxc1 Nxf3 21. Qxf3 Bc6 22. Qg3 Qd4 23. h3 Qb2 24. Rc4 Qxa3 25. Qf2 Kc7 26. Rxc6+ bxc6 27. Qa7+ Kc8 28. Qa8+ Kc7 29. Qxh8 Qc1+ 1/2-1/2

[Event "Oslo CC-ch"]
[Site "Oslo"]
[Date "2015.02.17"]
[Round "2"]
[White "Wasshaug, Espen"]
[Black "Vestli, Hakon Bjorge"]
[Result "1/2-1/2"]
[WhiteElo "1653"]
[BlackElo "1719"]
[PlyCount "102"]
[EventDate "2015.02.17"]
[EventType "swiss"]
[EventRounds "8"]
[EventCountry "NOR"]
[SourceTitle "EXT 2024"]
[Source "ChessBase"]
[SourceDate "2023.10.10"]
[SourceVersion "1"]
[SourceVersionDate "2023.10.10"]
[SourceQuality "1"]

1. e4 e6 2. d4 d5 3. exd5 exd5 4. c4 Be6 5. Nf3 Nf6 6. Nc3 c6 7. Be2 dxc4 8. Ne5 Nbd7 9. Nxc4 Nb6 10. Ne5 Qc7 11. Bf4 Bd6 12. Rc1 Qe7 13. 0-0 Nbd5 14. Bg5 h6 15. Bh4 g5 16. Bg3 Nxc3 17. bxc3 Ne4 18. Bh5 Nxg3 19. fxg3 Bxe5 20. dxe5 Bxa2 21. c4 0-0 22. Rf2 Bxc4 23. Rxc4 Qxe5 24. Rd4 Rae8 25. Rd7 Re7 26. Rxe7 Qxe7 27. Re2 Qf6 28. Rd2 a5 29. Rd6 Qe5 30. Rxh6 Re8 31. h3 Qe1+ 32. Qxe1 Rxe1+ 33. Kf2 Re7 34. Bd1 Kg7 35. Rd6 Re5 36. Bf3 a4 37. Rd3 Rb5 38. Ra3 Rb4 39. Ke2 c5 40. Kd2 Kf6 41. Kc3 b5 42. Bc6 Ke5 43. Bxb5 Rxb5 44. Rxa4 Rb1 45. h4 Rg1 46. Ra2 Kf5 47. Rf2+ Kg4 48. hxg5 Kxg5 49. Rxf7 Rxg2 50. Rc7 Rxg3+ 51. Kc4 Kf5 1/2-1/2

[Event "Stjernen Autumn"]
[Site "Oslo"]
[Date "2010.11.09"]
[Round "8"]
[White "Vestli, Hakon Bjorge"]
[Black "Grotnes, Nils Ragnar"]
[Result "1/2-1/2"]
[WhiteElo "1496"]
[BlackElo "2162"]
[PlyCount "96"]
[EventDate "2010.09.07"]
[EventType "swiss"]
[EventRounds "9"]
[EventCountry "NOR"]
[SourceTitle "EXT 2024"]
[Source "ChessBase"]
[SourceDate "2023.10.10"]
[SourceVersion "1"]
[SourceVersionDate "2023.10.10"]
[SourceQuality "1"]

1. e4 e5 2. Nf3 Nc6 3. Bb5 a6 4. Ba4 Nf6 5. 0-0 Be7 6. Re1 b5 7. Bb3 d6 8. c3 0-0 9. d4 Bg4 10. d5 Na5 11. Bc2 c5 12. Nbd2 Qc7 13. Nf1 Nc4 14. h3 Bd7 15. Ng3 g6 16. b3 Nb6 17. Bg5 Rfe8 18. Qd2 Kh8 19. Rad1 Ng8 20. Nxe5 dxe5 21. Bxe7 Nxe7 22. d6 Qc6 23. dxe7 Rxe7 24. Qh6 f6 25. Re3 Qe6 26. Red3 Qf7 27. Qd2 Ra7 28. Nf1 Kg7 29. Ne3 Be6 30. Rd6 Red7 31. Qe2 Nc8 32. Rxd7 Rxd7 33. Rxd7 Qxd7 34. Qd3 Qxd3 35. Bxd3 Nd6 36. c4 f5 37. exf5 gxf5 38. cxb5 axb5 39. f3 e4 40. Be2 f4 41. Nd1 exf3 42. Bxf3 b4 43. Nb2 c4 44. bxc4 Nxc4 45. Nd3 Nd2 46. Kf2 Bxa2 47. Nxb4 Bc4 48. g3 fxg3+ 1/2-1/2

[Event "Stjernen CC-ch"]
[Site "Oslo"]
[Date "2010.04.13"]
[Round "7"]
[White "Andersen, Guttorm"]
[Black "Vestli, Hakon Bjorge"]
[Result "1-0"]
[WhiteElo "1580"]
[BlackElo "1476"]
[PlyCount "67"]
[EventDate "2010.02.02"]
[EventType "swiss"]
[EventRounds "9"]
[EventCountry "NOR"]
[SourceTitle "EXT 2024"]
[Source "ChessBase"]
[SourceDate "2023.10.10"]
[SourceVersion "1"]
[SourceVersionDate "2023.10.10"]
[SourceQuality "1"]

1. d4 d5 2. c4 e6 3. Nf3 Nf6 4. Nc3 h6 5. g3 c6 6. Bg2 dxc4 7. Ne5 Nbd7 8. Nxc4 Nb6 9. Ne5 Bd7 10. 0-0 Bd6 11. Bf4 Qc7 12. Rc1 a6 13. e4 0-0 14. Nxd7 Nfxd7 15. e5 Be7 16. d5 Bg5 17. d6 Qd8 18. Qd4 Bxf4 19. gxf4 f5 20. b4 Qh4 21. a4 g5 22. a5 Nc8 23. Qc4 Kf7 24. Ne2 Na7 25. Rc3 g4 26. Ng3 Nb5 27. Nxf5 Qh5 28. Ng3 Qh4 29. Rd3 Rae8 30. Re1 Rg8 31. f5 Qg5 32. fxe6+ Rxe6 33. f4 Nxe5 34. Rxe5 1-0